| 000 | 01969nam a2200313 a 4500 | ||
|---|---|---|---|
| 999 |
_c2804 _d2804 |
||
| 006 | m |o go|ad | ||
| 007 | cr ||||||||||| | ||
| 008 | 210211s2020 flua ob 001 0 eng d | ||
| 020 | _a9780203704271 (ebk) | ||
| 040 |
_aKO _beng |
||
| 041 | 0 | _aeng | |
| 044 | _aflu | ||
| 082 | 0 | 4 |
_a363.7394 _223 |
| 245 | 0 | 0 |
_aCoastal and deep ocean pollution / _ceditors Andres Hugo Arias, Sandra Elizabeth Botte. |
| 264 | 1 |
_aBoca Raton, FL : _bCRC Press, _c2020 |
|
| 300 | _a1 online resource. | ||
| 504 | _aIncludes bibliographical references and index. | ||
| 520 | _aDuring the recent decades, social, political and academic endeavours have been made to improve environmental quality and reduce pollution. In particular, the ocean, sea and coastal areas show varying degrees of impact from the multiple human activities carried out in the terrestrial as well as in the aquatic environment. Ecology is a science which studies the relationship between organisms and the surrounding environment and in the modern era, the marine world is getting increasing attention. For centuries it has been the final reservoir of human garbage; later it became an oil farm with a concomitant increase of coastal population growth and unplanned growth of the fishing industry and the increasing use of sea routes for cargo transport and recreational uses (cruises). All this led to rising contamination with negative effects on biota and even human health. It is then imperative to know the current situation of the world's oceans: that is the main purpose of this book, to document at a glance the latest research in the field of ocean pollution. | ||
| 650 | 0 | _aMarine pollution. | |
| 650 | 0 | _aMarine resources conservation. | |
| 650 | 0 | _aMarine ecology. | |
| 700 | 1 |
_aArias, Andres Hugo, _eedt |
|
| 700 | 1 |
_aBotte, Sandra Elizabeth, _eedt |
|
| 856 | 4 | 0 | _uhttp://www.taylorfrancis.com/books/9780203704271 |
| 904 | _aRUDRA_R | ||
| 905 | _aR_RANJAN | ||
| 942 | _cEB | ||